2000 anni di storia / (Record n. 26703)
[ formato base ]
| 000 -LEADER | |
|---|---|
| fixed length control field | 01460nam a2200265 i 4500 |
| 003 - CONTROL NUMBER IDENTIFIER | |
| control field | IT-RoINE |
| 005 - DATE AND TIME OF LATEST TRANSACTION | |
| control field | 20190130105736.0 |
| 008 - FIXED-LENGTH DATA ELEMENTS--GENERAL INFORMATION | |
| fixed length control field | 041027s1978 xx |r u001|| ita|d |
| 040 ## - CATALOGING SOURCE | |
| Original cataloging agency | IT-RoPUS |
| Transcribing agency | IT-RoPUS IT-RoINE |
| Modifying agency | IT-RoINE |
| 100 1# - MAIN ENTRY--PERSONAL NAME | |
| Personal name | Saitta, Armando, |
| Dates associated with a name | 1919-1991 |
| 9 (RLIN) | 5921 |
| 245 10 - TITLE STATEMENT | |
| Title | 2000 anni di storia / |
| Statement of responsibility, etc | Armando Saitta. |
| 246 13 - VARYING FORM OF TITLE | |
| Title proper/short title | Duemila anni di storia |
| 260 ## - PUBLICATION, DISTRIBUTION, ETC. (IMPRINT) | |
| Place of publication, distribution, etc | Roma ; |
| -- | Bari : |
| Name of publisher, distributor, etc | Laterza, |
| Date of publication, distribution, etc | 1978- |
| 300 ## - PHYSICAL DESCRIPTION | |
| Extent | v. ; |
| Dimensions | 20 cm. |
| 336 ## - CONTENT TYPE | |
| Source | rdacontent |
| Content type term | text |
| 337 ## - MEDIA TYPE | |
| Source | rdamedia |
| Media type term | unmediated |
| 338 ## - CARRIER TYPE | |
| Source | rdacarrier |
| Carrier type term | volume |
| 490 1# - SERIES STATEMENT | |
| Series statement | Storia e società |
| 500 ## - GENERAL NOTE | |
| General note | Incluye índice. |
| 504 ## - BIBLIOGRAPHY, ETC. NOTE | |
| Bibliography, etc | Incluye referencias bibliograficás. |
| 505 1# - FORMATTED CONTENTS NOTE | |
| Formatted contents note | v. 1: Cristiani e barbari -- v. 2: Dall'impero di Roma a Bisanzio -- v. 3: Giustiniano e Maometto -- v. 4: L'impero carolingio -- v. 5: L'Europa feudale e slava -- v. 6: Dopo il Mille: imperatori, vescovi e Comuni -- v. 7: Federico II -- v. 8: l'Umanesimo e la scoperta dell'America -- v. 9: L'etá di Carlo V -- v. 10: Controriforma e assolutismo -- v. 11: L'Europa di Richelieu e di Cromwell -- v. 12: Il Settecento -- v. 13: La rivoluzione francese e Napoleone -- v. 14: Rivoluzione industriale e trionfo delle nazionalitá -- v. 15: L'Europa imperialista -- v. 16: La prima guerra mondiale -- v. 17: Bolscevismo e fascismi -- v. 18 La svolta del secondo dopoguerra |
| 651 #4 - SUBJECT ADDED ENTRY--GEOGRAPHIC NAME | |
| 9 (RLIN) | 40001 |
| Geographic name | Europa |
| General subdivision | Historia |
| 830 #0 - SERIES ADDED ENTRY--UNIFORM TITLE | |
| Uniform title | Storia e società (Laterza) |
| 9 (RLIN) | 16632 |
| 942 ## - ADDED ENTRY ELEMENTS (KOHA) | |
| Item type | Monografías |
| Withdrawn status | Lost status | Damaged status | Not for loan | Home library | Current library | Shelving location | Date acquired | Total Checkouts | Full call number | Barcode | Date last seen | Price effective from | Koha item type | Public note |
|---|---|---|---|---|---|---|---|---|---|---|---|---|---|---|
| Iglesia Nacional Española en Roma | Iglesia Nacional Española en Roma | Depósito | 28/09/2018 | HIS.GEN 204.1 | 52363 | 28/09/2018 | 28/09/2018 | Monografías | v. 1. Cristiani e barbari. | |||||
| Iglesia Nacional Española en Roma | Iglesia Nacional Española en Roma | Depósito | 30/01/2019 | HIS.GEN 204.2 | 54630 | 30/01/2019 | 30/01/2019 | Monografías | v. 2: Dall'impero di Roma a Bisanzio. | |||||
| Iglesia Nacional Española en Roma | Iglesia Nacional Española en Roma | Depósito | 30/01/2019 | HIS.GEN 204.3 | 54631 | 30/01/2019 | 30/01/2019 | Monografías | v. 3: Giustiniano e Maometto. | |||||
| Iglesia Nacional Española en Roma | Iglesia Nacional Española en Roma | Depósito | 30/01/2019 | HIS.GEN 204.4 | 54632 | 30/01/2019 | 30/01/2019 | Monografías | v. 4: L'impero carolingio. |